Building Regulations: A CPD study pack (Record no. 103649)

MARC details
000 -LEADER
fixed length control field 02094cam a2200361 4500
008 - FIXED-LENGTH DATA ELEMENTS--GENERAL INFORMATION
fixed length control field 040719n2004 000 0 eng u
020 ## - INTERNATIONAL STANDARD BOOK NUMBER
International Standard Book Number 1904388264
035 ## - SYSTEM CONTROL NUMBER
System control number (Sirsi) u126830
041 ## - LANGUAGE CODE
Language code of text/sound track or separate title eng
050 ## - LIBRARY OF CONGRESS CALL NUMBER
Classification number 692.2
-- 18
100 ## - MAIN ENTRY--PERSONAL NAME
Personal name Badley, Neil
245 ## - TITLE STATEMENT
Title Building Regulations: A CPD study pack
260 ## - PUBLICATION, DISTRIBUTION, ETC.
Place of publication, distribution, etc. Reading
Name of publisher, distributor, etc. College of Estate Management
Date of publication, distribution, etc. 2004
300 ## - PHYSICAL DESCRIPTION
Extent 52p.
Dimensions 30cm. + 1 audio CD
350 ## - PRICE (NR) (BK AM CF MU VM SE) [OBSOLETE]
Price 55
490 ## - SERIES STATEMENT
Series statement College of Estate Management CPD Study Pack
520 ## - SUMMARY, ETC.
Summary, etc. This study pack provides an overview of the current and future changes to the Building Regulations. Section one looks at the 2004 amendments to Approved Document M "Access to and use of buildings". Section two examines how Approved Document L "Conservation of fuel and power" is likely to evolve up to 2010. Section three briefly considers other areas likely to change including Approved Documents A, C and P. Section four focuses on the Building Regulations in relation to historic buildings. Appendices include technical changes to Approved Document M and a Building Control Access Statement. Bibliography.
520 ## - SUMMARY, ETC.
Summary, etc. Accompanied by Owlion audio CD "Building regulations amendments (2002): parts H, J and L" (J115916) which is available to borrow seperately.
520 ## - SUMMARY, ETC.
Summary, etc. Item withdrawn by CEM, due to be reissued October 2005.
650 ## - SUBJECT ADDED ENTRY--TOPICAL TERM
Topical term or geographic name entry element BUILDING REGULATIONS 2000 APPROVED DOCUMENT M (2004 EDITION)
650 ## - SUBJECT ADDED ENTRY--TOPICAL TERM
Topical term or geographic name entry element BUILDING REGULATIONS 2000 APPROVED DOCUMENT L1 (2002 EDITION)
650 ## - SUBJECT ADDED ENTRY--TOPICAL TERM
Topical term or geographic name entry element BUILDING REGULATIONS 2000 APPROVED DOCUMENT L2 (2002 EDITION)
650 ## - SUBJECT ADDED ENTRY--TOPICAL TERM
Topical term or geographic name entry element BUILDING REGULATIONS 2000 APPROVED DOCUMENT C (2004 EDITION)
650 ## - SUBJECT ADDED ENTRY--TOPICAL TERM
Topical term or geographic name entry element BUILDING REGULATIONS 2000 APPROVED DOCUMENT A (2004 EDITION)
650 ## - SUBJECT ADDED ENTRY--TOPICAL TERM
Topical term or geographic name entry element BUILDING REGULATIONS 2000 APPROVED DOCUMENT P (2005 EDITION)
650 ## - SUBJECT ADDED ENTRY--TOPICAL TERM
Topical term or geographic name entry element HISTORIC BUILDINGS
650 ## - SUBJECT ADDED ENTRY--TOPICAL TERM
Topical term or geographic name entry element ENERGY CONSERVATION
650 ## - SUBJECT ADDED ENTRY--TOPICAL TERM
Topical term or geographic name entry element MANAGEMENT-BUSINESS MANAGEMENT-DISCRIMINATION-DISABILITY DISCRIMINATION-ACCESSIBILITY
650 ## - SUBJECT ADDED ENTRY--TOPICAL TERM
Topical term or geographic name entry element ACCESS TO BUILDINGS
690 ## - LOCAL SUBJECT ADDED ENTRY--TOPICAL TERM (OCLC, RLIN)
Topical term or geographic name as entry element BUILT ENVIRONMENT-BUILDING STANDARDS
942 ## - ADDED ENTRY ELEMENTS (KOHA)
Suppress in OPAC 0
Holdings
Withdrawn status Lost status Source of classification or shelving scheme Damaged status Not for loan Home library Current library Shelving location Date acquired Cost, normal purchase price Total Checkouts Full call number Barcode Date last seen Date last checked out Copy number Cost, replacement price Price effective from Koha item type
    Dewey Decimal Classification     London London Basement 23/07/2004 55.50 25 SHELF 330 30069385 06/08/2019 02/11/2006 1 55.50 06/08/2019 Audio